[Event "English Open Championship"]
[Site "Kenilworth"]
[Date "2023.05.26"]
[Round "2.13"]
[White "Wells, Peter K"]
[Black "Brown, Tom"]
[Result "1-0"]
[WhiteElo "2356"]
[BlackElo "1959"]
[PlyCount "65"]
[EventDate "2023.05.26"]
[EventType "swiss"]
[EventRounds "7"]
[EventCountry "ENG"]
[SourceTitle "BritBase"]
[Source "John Saunders"]
[SourceDate "2023.05.30"]
[SourceVersion "1"]
[SourceVersionDate "2023.05.30"]
[SourceQuality "1"]

1. Nf3 d5 2. g3 Nf6 3. Bg2 g6 4. c4 c6 5. b3 Bg7 6. Bb2 O-O 7. O-O a5 8. Na3
Na6 9. cxd5 cxd5 10. Bd4 Nb4 11. Nc2 Nc6 12. Bc3 Re8 13. Ne5 Nxe5 14. Bxe5 Be6
15. Nd4 Qd7 16. e3 Bh3 17. Rc1 Bxg2 18. Kxg2 Rec8 19. Qe2 Ne4 20. Bxg7 Kxg7 21.
d3 Nf6 22. Qb2 h5 23. Nf3 Qb5 24. Rc3 a4 25. b4 Rxc3 26. Qxc3 Ra6 27. Qc5 Qxd3
28. Qxe7 Rb6 29. Ng5 Qf5 30. Qxf7+ Kh6 31. Qf8+ Kxg5 32. f4+ Kg4 33. h3# 1-0

[Event "English Open Championship"]
[Site "Kenilworth"]
[Date "2023.05.26"]
[Round "2.14"]
[White "Green, Michael"]
[Black "Okhai, Shabir"]
[Result "0-1"]
[WhiteElo "1917"]
[BlackElo "2144"]
[PlyCount "164"]
[EventDate "2023.05.26"]
[EventType "swiss"]
[EventRounds "7"]
[EventCountry "ENG"]
[SourceTitle "BritBase"]
[Source "John Saunders"]
[SourceDate "2023.05.30"]
[SourceVersion "1"]
[SourceVersionDate "2023.05.30"]
[SourceQuality "1"]

1. Nf3 Nf6 2. c4 g6 3. b4 Bg7 4. Bb2 O-O 5. g3 Nc6 6. b5 Na5 7. d3 a6 8. a4 d5
9. cxd5 Qxd5 10. Nc3 Qc5 11. Rb1 axb5 12. axb5 b6 13. Bg2 Bb7 14. O-O Rfd8 15.
Na4 Qh5 16. Qc2 Ne8 17. Bxg7 Kxg7 18. Qc3+ Kg8 19. Qb4 Nd6 20. Nc3 Qf5 21. Nd1
Qf6 22. Ne3 h5 23. h4 e6 24. Rfc1 Rac8 25. Rc2 Nf5 26. Nxf5 exf5 27. Qb2 Qd6
28. Qc1 Re8 29. Qh6 Qf8 30. Qxf8+ Kxf8 31. e3 Red8 32. Rc3 Bd5 33. Ne5 Nb7 34.
d4 Bxg2 35. Kxg2 Nd6 36. Rb2 Re8 37. Rcc2 Ke7 38. Kf1 Ke6 39. Ke2 Re7 40. Nd3
Kd7 41. Ne5+ Ke6 42. Kd3 Ra8 43. Kc3 Ra1 44. Kd3 Ra3+ 45. Ke2 Ra8 46. Kf3 Ra4
47. Rc6 Kd5 48. Rbc2 Nxb5 49. Nd3 Rxd4 50. Nf4+ Rxf4+ 51. Kxf4 Re6 52. Rxe6
Kxe6 53. e4 fxe4 54. Kxe4 c5 55. Rb2 Nd6+ 56. Kd3 b5 57. Re2+ Kd5 58. f4 f6 59.
Re7 b4 60. Rg7 c4+ 61. Kc2 Nb5 62. Rxg6 Nd4+ 63. Kb1 c3 64. Rxf6 b3 65. Rf8 Nf3
66. Rd8+ Ke4 67. Rb8 Kd3 68. Rd8+ Ke2 69. Rb8 Kd1 70. Ka1 Kc2 71. f5 Ne5 72. f6
Nd7 73. Rb5 Nxf6 74. Rb4 Nd5 75. Rb7 Ne3 76. Rb8 Nf5 77. Rb7 Nxg3 78. Rb5 Nf5
79. Rb8 Nxh4 80. Rxb3 Kxb3 81. Kb1 c2+ 82. Kc1 Ng6 0-1

[Event "English Open Championship"]
[Site "Kenilworth"]
[Date "2023.05.26"]
[Round "2.15"]
[White "Yao, Lan"]
[Black "Bharat Kumar, Balahari"]
[Result "1-0"]
[WhiteElo "2278"]
[BlackElo "1898"]
[PlyCount "65"]
[EventDate "2023.05.26"]
[EventType "swiss"]
[EventRounds "7"]
[EventCountry "ENG"]
[SourceTitle "BritBase"]
[Source "John Saunders"]
[SourceDate "2023.05.30"]
[SourceVersion "1"]
[SourceVersionDate "2023.05.30"]
[SourceQuality "1"]

1. e4 c5 2. Nf3 d6 3. d4 cxd4 4. Nxd4 Nf6 5. Nc3 a6 6. Bg5 e6 7. f4 h6 8. Bh4
Be7 9. Qf3 Nbd7 10. O-O-O Qc7 11. Qg3 b5 12. a3 Rb8 13. f5 e5 14. Qxg7 Rg8 15.
Nd5 Qd8 16. Nxf6+ Nxf6 17. Qxh6 exd4 18. Rxd4 Ng4 19. Qh7 Bg5+ 20. Kb1 Nf6 21.
Bxg5 Rxg5 22. Qh6 Rg8 23. Be2 Qe7 24. Rhd1 Bb7 25. Bf3 Nxe4 26. Bxe4 Bxe4 27.
Qf4 Bxg2 28. Rxd6 Rc8 29. f6 Qe2 30. R6d2 Qe6 31. Qc7 Bd5 32. Rxd5 Rxc7 33.
Rd8# 1-0

[Event "English Open Championship"]
[Site "Kenilworth"]
[Date "2023.05.26"]
[Round "2.16"]
[White "Sedykh, Mikhail"]
[Black "Patel, Zain"]
[Result "1-0"]
[WhiteElo "2092"]
[BlackElo "1949"]
[PlyCount "101"]
[EventDate "2023.05.26"]
[EventType "swiss"]
[EventRounds "7"]
[EventCountry "ENG"]
[SourceTitle "BritBase"]
[Source "John Saunders"]
[SourceDate "2023.05.30"]
[SourceVersion "1"]
[SourceVersionDate "2023.05.30"]
[SourceQuality "1"]

1. d4 Nf6 2. c4 e6 3. Nc3 d5 4. cxd5 Nxd5 5. e4 Nxc3 6. bxc3 c5 7. Nf3 cxd4 8.
cxd4 Bb4+ 9. Bd2 Bxd2+ 10. Qxd2 O-O 11. Bc4 Nd7 12. O-O b6 13. Rad1 Bb7 14.
Rfe1 Rc8 15. Bb3 Re8 16. h3 Nf6 17. Qf4 Qc7 18. Ne5 Rcd8 19. g4 Re7 20. f3 Nd7
21. Ng6 Qxf4 22. Nxf4 Rc8 23. Rc1 Ree8 24. Rxc8 Rxc8 25. Nxe6 fxe6 26. Bxe6+
Kf8 27. Bxd7 Rd8 28. Be6 Rxd4 29. Kf2 Ke7 30. Ke3 Ra4 31. Bb3 Rb4 32. Rc1 Kd6
33. Rd1+ Ke7 34. Rd4 Rxd4 35. Kxd4 g5 36. Ke5 Bc8 37. f4 gxf4 38. Kxf4 b5 39.
Kg5 a5 40. Kh6 a4 41. Bc2 Be6 42. a3 Bb3 43. Bb1 Kd6 44. Kxh7 Kc5 45. Kg7 b4
46. axb4+ Kxb4 47. h4 a3 48. h5 Bc2 49. Ba2 Kc3 50. h6 Bxe4 51. h7 1-0

[Event "English Open Championship"]
[Site "Kenilworth"]
[Date "2023.05.26"]
[Round "2.17"]
[White "Ireland, David J"]
[Black "Bradbury, Neil H"]
[Result "0-1"]
[WhiteElo "1911"]
[BlackElo "2215"]
[PlyCount "52"]
[EventDate "2023.05.26"]
[EventType "swiss"]
[EventRounds "7"]
[EventCountry "ENG"]
[SourceTitle "BritBase"]
[Source "John Saunders"]
[SourceDate "2023.05.30"]
[SourceVersion "1"]
[SourceVersionDate "2023.05.30"]
[SourceQuality "1"]

1. d4 Nf6 2. Nf3 b6 3. Bf4 Bb7 4. e3 g6 5. Be2 Bg7 6. O-O O-O 7. c4 d6 8. Nc3
Nbd7 9. Re1 h6 10. h3 Re8 11. Qc2 e5 12. Bh2 exd4 13. exd4 Ne4 14. Rad1 Nxc3
15. Qxc3 Qf6 16. Rd3 c5 17. dxc5 Qxc3 18. bxc3 Nxc5 19. Re3 Rxe3 20. fxe3 Re8
21. Rd1 Ne4 22. Bxd6 Nxc3 23. Rd2 Rd8 24. Kf1 Ne4 25. Bb4 Nxd2+ 26. Nxd2 a5 0-1

[Event "English Open Championship"]
[Site "Kenilworth"]
[Date "2023.05.26"]
[Round "2.18"]
[White "Fellowes, Billy"]
[Black "Yoon, Jacob D"]
[Result "1/2-1/2"]
[WhiteElo "1824"]
[BlackElo "2035"]
[PlyCount "79"]
[EventDate "2023.05.26"]
[EventType "swiss"]
[EventRounds "7"]
[EventCountry "ENG"]
[SourceTitle "BritBase"]
[Source "John Saunders"]
[SourceDate "2023.05.30"]
[SourceVersion "1"]
[SourceVersionDate "2023.05.30"]
[SourceQuality "1"]

1. e4 c5 2. Nf3 Nc6 3. Bb5 d6 4. d4 cxd4 5. Qxd4 Bd7 6. Bxc6 bxc6 7. Nc3 e5 8.
Qd3 Be7 9. O-O Nf6 10. Bg5 Qc7 11. Rad1 Bg4 12. Bxf6 gxf6 13. h3 Bh5 14. Ne2
Qb6 15. Nh4 Rd8 16. Nf5 Rg8 17. c4 Qxb2 18. Rd2 Bxe2 19. Rxe2 Qb7 20. Rb1 Qa6
21. Reb2 d5 22. exd5 cxd5 23. Rb5 d4 24. Rb7 Bc5 25. Nh6 Rg7 26. Rb8 Qc6 27. f3
Bb6 28. Rxd8+ Kxd8 29. Nf5 Rg8 30. Qa3 Re8 31. Nd6 Re7 32. Nf5 Rd7 33. Qf8+ Kc7
34. Ne7 Qc5 35. Qc8+ Kd6 36. Nf5+ Ke6 37. Ng7+ Ke7 38. Nf5+ Ke6 39. Ng7+ Kd6
40. Nf5+ 1/2-1/2

[Event "English Open Championship"]
[Site "Kenilworth"]
[Date "2023.05.26"]
[Round "2.19"]
[White "Khandelwal, Ankush"]
[Black "Liu, Jack"]
[Result "1-0"]
[WhiteElo "2205"]
[BlackElo "1915"]
[PlyCount "51"]
[EventDate "2023.05.26"]
[EventType "swiss"]
[EventRounds "7"]
[EventCountry "ENG"]
[SourceTitle "BritBase"]
[Source "John Saunders"]
[SourceDate "2023.05.30"]
[SourceVersion "1"]
[SourceVersionDate "2023.05.30"]
[SourceQuality "1"]

1. e4 c5 2. Nf3 e6 3. d4 cxd4 4. Nxd4 Nc6 5. Nc3 Qc7 6. g3 a6 7. Bg2 Nf6 8. O-O
Nxd4 9. Qxd4 Bc5 10. Qd1 h6 11. e5 Qxe5 12. Bf4 Qf5 13. Re1 O-O 14. Re5 Bxf2+
15. Kf1 Qg6 16. Kxf2 Ng4+ 17. Kg1 Nxe5 18. Bxe5 d5 19. Na4 b5 20. Nb6 Ra7 21.
Qd4 Rb7 22. a4 Bd7 23. axb5 axb5 24. Qc5 Qg5 25. Bc7 Bc8 26. Bd6 1-0

[Event "English Open Championship"]
[Site "Kenilworth"]
[Date "2023.05.26"]
[Round "2.20"]
[White "Shearsby, Jude"]
[Black "Pert, Max P"]
[Result "1/2-1/2"]
[WhiteElo "2102"]
[BlackElo "1848"]
[PlyCount "94"]
[EventDate "2023.05.26"]
[EventType "swiss"]
[EventRounds "7"]
[EventCountry "ENG"]
[SourceTitle "BritBase"]
[Source "John Saunders"]
[SourceDate "2023.05.30"]
[SourceVersion "1"]
[SourceVersionDate "2023.05.30"]
[SourceQuality "1"]

1. e4 c6 2. d4 d5 3. e5 c5 4. dxc5 e6 5. a3 Bxc5 6. Nf3 Ne7 7. b4 Bb6 8. Bb2 a5
9. Nbd2 axb4 10. axb4 Rxa1 11. Qxa1 O-O 12. Nb3 Ng6 13. h4 Qc7 14. Bd3 Nf4 15.
Qc1 Nxd3+ 16. cxd3 Qxc1+ 17. Bxc1 Bd7 18. Bd2 Bb5 19. Ke2 Nc6 20. Ra1 f6 21.
exf6 gxf6 22. Nc5 Bxc5 23. bxc5 e5 24. Bh6 e4 25. Bxf8 exf3+ 26. Kxf3 Kxf8 27.
Ra8+ Kf7 28. Rc8 Ne7 29. Rb8 Bc6 30. Ke2 d4 31. Rd8 Nd5 32. g3 f5 33. f3 Kf6
34. Rd6+ Kf7 35. g4 fxg4 36. fxg4 Nf4+ 37. Kd2 Ne6 38. Ke2 Bb5 39. Kf3 Ke7 40.
Rb6 Bc6+ 41. Ke2 Nxc5 42. Rb1 Ne6 43. g5 Nf4+ 44. Kd2 Ne6 45. Rg1 Nf4 46. Rg4
Ne6 47. Rg1 Nf4 1/2-1/2

[Event "English Open Championship"]
[Site "Kenilworth"]
[Date "2023.05.26"]
[Round "2.21"]
[White "Pal, Rohan"]
[Black "Badacsonyi, Frankie"]
[Result "1/2-1/2"]
[WhiteElo "1955"]
[BlackElo "1974"]
[PlyCount "70"]
[EventDate "2023.05.26"]
[EventType "swiss"]
[EventRounds "7"]
[EventCountry "ENG"]
[SourceTitle "BritBase"]
[Source "John Saunders"]
[SourceDate "2023.05.30"]
[SourceVersion "1"]
[SourceVersionDate "2023.05.30"]
[SourceQuality "1"]

1. e4 c6 2. Nf3 d5 3. Nc3 Bg4 4. h3 Bxf3 5. Qxf3 e6 6. d3 Nd7 7. g3 Bb4 8. Bd2
d4 9. Nb1 Qb6 10. b3 a5 11. a4 Qc5 12. Qd1 h5 13. Bg2 h4 14. g4 g5 15. O-O Bxd2
16. Qxd2 Ne7 17. f4 f6 18. f5 e5 19. Qc1 O-O 20. Nd2 Rfc8 21. Nf3 Kf7 22. Rf2
Rg8 23. Qb2 b5 24. Rff1 Nb6 25. axb5 cxb5 26. Rxa5 Na4 27. Qa2 Nc3 28. Qa1 Rxa5
29. Qxa5 Rc8 30. Re1 Nc6 31. Qa6 Re8 32. Qb7+ Re7 33. Qc8 Re8 34. Qc7+ Re7 35.
Qc8 Re8 1/2-1/2

[Event "English Open Championship"]
[Site "Kenilworth"]
[Date "2023.05.26"]
[Round "2.22"]
[White "Murawski, Jan"]
[Black "Badacsonyi, Stanley"]
[Result "0-1"]
[WhiteElo "1896"]
[BlackElo "1914"]
[PlyCount "84"]
[EventDate "2023.05.26"]
[EventType "swiss"]
[EventRounds "7"]
[EventCountry "ENG"]
[SourceTitle "BritBase"]
[Source "John Saunders"]
[SourceDate "2023.05.30"]
[SourceVersion "1"]
[SourceVersionDate "2023.05.30"]
[SourceQuality "1"]

1. d4 Nf6 2. c4 g6 3. Nc3 Bg7 4. e4 d6 5. Bg5 h6 6. Bc1 O-O 7. f3 c5 8. d5 e6
9. Be3 a6 10. Qd2 Kh7 11. a4 exd5 12. cxd5 Qa5 13. Ra2 Nbd7 14. Bd3 Ne5 15.
Nge2 Nxd3+ 16. Qxd3 Nd7 17. b3 Ne5 18. Qc2 f5 19. O-O Bd7 20. h3 Rae8 21. Raa1
fxe4 22. fxe4 b5 23. axb5 Rxf1+ 24. Rxf1 axb5 25. Qa2 Qxa2 26. Nxa2 b4 27. Bf4
Bb5 28. Nac1 Nf7 29. Bg3 Kg8 30. Rf4 g5 31. Rxf7 Kxf7 32. Bxd6 Rxe4 33. Kf2 c4
34. bxc4 Bxc4 35. Ng3 Bd4+ 36. Kf3 Re3+ 37. Kg4 Bxd5 38. Bxb4 Be6+ 39. Nf5 Re4+
40. Kf3 Bxf5 41. Ne2 Bb6 42. Bd2 Ra4 0-1

[Event "English Open Championship"]
[Site "Kenilworth"]
[Date "2023.05.26"]
[Round "2.23"]
[White "Dilley, Jason M"]
[Black "Gopakumar, Siddharth"]
[Result "1-0"]
[WhiteElo "2059"]
[BlackElo "1890"]
[PlyCount "87"]
[EventDate "2023.05.26"]
[EventType "swiss"]
[EventRounds "7"]
[EventCountry "ENG"]
[SourceTitle "BritBase"]
[Source "John Saunders"]
[SourceDate "2023.05.30"]
[SourceVersion "1"]
[SourceVersionDate "2023.05.30"]
[SourceQuality "1"]

1. d4 d5 2. Bg5 h6 3. Bh4 c6 4. c3 Bf5 5. Nd2 Qb6 6. Qb3 Nd7 7. Ngf3 e6 8. e3
Be7 9. Bg3 Ngf6 10. h3 O-O 11. Be2 c5 12. Qxb6 axb6 13. Bb5 Ra5 14. a4 c4 15.
O-O Rc8 16. Ne5 Nb8 17. f3 Nc6 18. e4 Bh7 19. Nexc4 dxc4 20. Nxc4 Ra7 21. Nxb6
Rf8 22. Nc4 Bxe4 23. fxe4 Nxe4 24. Bf4 g5 25. Rae1 Nxc3 26. bxc3 gxf4 27. Rxf4
Bg5 28. Rf3 Be7 29. Re4 Raa8 30. Nb6 Rad8 31. Bxc6 bxc6 32. a5 Bd6 33. c4 Bb4
34. a6 Rxd4 35. Rxd4 Bc5 36. Kf1 Bxd4 37. Rb3 Kg7 38. c5 Bxc5 39. Nd7 Rd8 40.
Rg3+ Kh7 41. Nxc5 Rd1+ 42. Ke2 Ra1 43. Rg4 Ra5 44. Ra4 1-0

[Event "English Open Championship"]
[Site "Kenilworth"]
[Date "2023.05.26"]
[Round "2.24"]
[White "Watson, Jacob"]
[Black "Jackson, Edward"]
[Result "1/2-1/2"]
[WhiteElo "1886"]
[BlackElo "1968"]
[PlyCount "154"]
[EventDate "2023.05.26"]
[EventType "swiss"]
[EventRounds "7"]
[EventCountry "ENG"]
[SourceTitle "BritBase"]
[Source "John Saunders"]
[SourceDate "2023.05.30"]
[SourceVersion "1"]
[SourceVersionDate "2023.05.30"]
[SourceQuality "1"]

1. e4 c6 2. d4 d5 3. exd5 cxd5 4. c4 Nf6 5. Nc3 Nc6 6. Nf3 Bg4 7. Be3 e6 8. c5
Be7 9. Be2 O-O 10. O-O Ne4 11. Qc2 b6 12. Qa4 Nxc3 13. bxc3 Qc7 14. Bb5 Bxf3
15. Bxc6 Rac8 16. Bb5 Be4 17. Ba6 Rb8 18. c6 b5 19. Bxb5 Rb6 20. Rfc1 Rfb8 21.
Bf1 Bd6 22. h3 Qxc6 23. Qxc6 Rxc6 24. a4 Rbc8 25. Bd2 Rb6 26. c4 dxc4 27. Rxc4
Rcb8 28. Rac1 h6 29. f3 Bd5 30. Rc8+ Kh7 31. Bd3+ g6 32. Rxb8 Rxb8 33. Bb5 Bg3
34. f4 Rb7 35. Rc3 Bh4 36. Be3 Bf6 37. Rc1 Kg7 38. Rc8 h5 39. Kf2 h4 40. g4
hxg3+ 41. Kxg3 Be7 42. Kf2 Bh4+ 43. Kf1 Kf6 44. Rc2 Bg3 45. Rc3 Kg7 46. Bd2 Bh4
47. Ke2 Bf6 48. Be3 Be7 49. Kd3 Bd6 50. Bc6 Rb4 51. Bd2 Rb3 52. Rxb3 Bxb3 53.
Ke3 Bd5 54. Bb5 Be7 55. Be1 Bg2 56. h4 Bh3 57. Kf3 Bf5 58. Bf2 a5 59. Be1 Bd8
60. Kg3 Bc2 61. Bc6 Bb3 62. Bb5 Kf6 63. Bc3 Bd5 64. Kg4 Bc7 65. Bd2 Bb3 66. Kf3
Bc2 67. Bc6 Kf5 68. Kg3 Be4 69. Bb5 f6 70. Be2 Bd5 71. Bd3+ Be4 72. Be2 Bc2 73.
Bg4+ Ke4 74. Bxe6 Kxd4 75. Bd7 Kd3 76. Bc1 Ke2 77. Bb5+ Bd3 1/2-1/2

[Event "English Open Championship"]
[Site "Kenilworth"]
[Date "2023.05.26"]
[Round "2.25"]
[White "Seymour, Timothy P"]
[Black "Dasgupta, Avyukt"]
[Result "1-0"]
[WhiteElo "2094"]
[BlackElo "1788"]
[PlyCount "119"]
[EventDate "2023.05.26"]
[EventType "swiss"]
[EventRounds "7"]
[EventCountry "ENG"]
[SourceTitle "BritBase"]
[Source "John Saunders"]
[SourceDate "2023.05.30"]
[SourceVersion "1"]
[SourceVersionDate "2023.05.30"]
[SourceQuality "1"]

1. Nf3 d5 2. e3 Nf6 3. c4 c6 4. Nc3 Bg4 5. Qb3 Qb6 6. Ne5 Be6 7. d4 dxc4 8.
Bxc4 Bxc4 9. Nxc4 Qxb3 10. axb3 Nbd7 11. e4 e6 12. Bf4 Bb4 13. f3 O-O 14. Ke2
Rfd8 15. Rhd1 Nf8 16. Bc7 Re8 17. Na2 Be7 18. Nc1 c5 19. Bd6 cxd4 20. Rxd4 Bxd6
21. Nxd6 Re7 22. Rc4 a6 23. Nc8 Re8 24. Nd6 Re7 25. Nc8 Re8 26. Nb6 Rab8 27.
Nd3 N8d7 28. Nxd7 Nxd7 29. Rac1 Kf8 30. Rc7 Red8 31. Ke3 Kg8 32. h4 g6 33. g4
a5 34. g5 b6 35. R1c3 b5 36. Ra7 Kf8 37. Rcc7 Ke8 38. f4 Rbc8 39. Rcb7 Rb8 40.
Rc7 Rbc8 41. Rcb7 Rb8 42. Rxb8 Rxb8 43. Rxa5 Rb6 44. Ra7 Kd8 45. b4 Ke8 46.
Ra8+ Ke7 47. Rc8 Rb8 48. Rxb8 Nxb8 49. Kd4 Kd6 50. Ne5 Na6 51. Nxf7+ Ke7 52.
Ne5 Kd6 53. Kc3 Nc7 54. Ng4 Ne8 55. Nf6 Ng7 56. Kd4 e5+ 57. fxe5+ Kc6 58. Nxh7
Ne6+ 59. Ke3 Ng7 60. Nf8 1-0

[Event "English Open Championship"]
[Site "Kenilworth"]
[Date "2023.05.26"]
[Round "2.26"]
[White "Turner, Lewis A"]
[Black "Paul, Nathanael"]
[Result "0-1"]
[WhiteElo "1807"]
[BlackElo "2004"]
[PlyCount "140"]
[EventDate "2023.05.26"]
[EventType "swiss"]
[EventRounds "7"]
[EventCountry "ENG"]
[SourceTitle "BritBase"]
[Source "John Saunders"]
[SourceDate "2023.05.30"]
[SourceVersion "1"]
[SourceVersionDate "2023.05.30"]
[SourceQuality "1"]

1. e4 c6 2. d4 d5 3. e5 Bf5 4. h4 h5 5. Bd3 Bxd3 6. Qxd3 Qa5+ 7. Nd2 e6 8. Ngf3
Nh6 9. O-O Nf5 10. c4 Be7 11. g3 Na6 12. cxd5 Qxd5 13. a3 O-O 14. Ne4 c5 15.
Nc3 Qd7 16. d5 f6 17. Rd1 Rad8 18. d6 Qc6 19. Qe2 Bxd6 20. exd6 Rxd6 21. Rxd6
Qxd6 22. Bf4 e5 23. Be3 Nd4 24. Bxd4 cxd4 25. Ne4 Qc6 26. Nfd2 Rc8 27. Qxh5 Nc7
28. Qg4 Rf8 29. Qe2 b5 30. Qd1 Ne6 31. Rc1 Qb6 32. Qb3 Kh8 33. Qf3 Nc7 34. Ng5
Kg8 35. Nh3 Rf7 36. Kh2 Qe6 37. Qd3 a6 38. Ne4 Qa2 39. Nd6 Re7 40. Nf5 Rd7 41.
Rc2 Qd5 42. f3 g6 43. Nh6+ Kg7 44. Ng4 Ne6 45. b4 a5 46. Qd2 axb4 47. Qh6+ Kf7
48. Qh7+ Ng7 49. Nh6+ Ke6 50. axb4 d3 51. Qg8+ Kd6 52. Qb8+ Ke6 53. Rd2 Qxf3
54. Qg8+ Kd6 55. Qf8+ Kc7 56. Qc5+ Kd8 57. Qf2 Qc6 58. Ng4 Nf5 59. Qc5 Qxc5 60.
bxc5 e4 61. Nxf6 e3 62. Nxd7 e2 63. Rxd3 e1=Q 64. Nf4 Qf2+ 65. Kh3 Ne3 66. Nb6+
Ke8 67. Rxe3+ Qxe3 68. Nbd5 Qxc5 69. Nf6+ Kf7 70. Ng4 Qf5 0-1

[Event "English Open Championship"]
[Site "Kenilworth"]
[Date "2023.05.26"]
[Round "2.27"]
[White "Baer, Bruce L"]
[Black "Wilkinson, Daniel"]
[Result "1/2-1/2"]
[WhiteElo "1950"]
[BlackElo "1994"]
[PlyCount "86"]
[EventDate "2023.05.26"]
[EventType "swiss"]
[EventRounds "7"]
[EventCountry "ENG"]
[SourceTitle "BritBase"]
[Source "John Saunders"]
[SourceDate "2023.05.30"]
[SourceVersion "1"]
[SourceVersionDate "2023.05.30"]
[SourceQuality "1"]

1. Nf3 f5 2. d3 d5 3. g3 Nf6 4. Bg2 e6 5. Nbd2 Bc5 6. O-O O-O 7. Qe1 Nc6 8. c3
a5 9. e4 d4 10. e5 Nd5 11. Nb3 Bb6 12. Nbxd4 Bxd4 13. Nxd4 Nxd4 14. cxd4 b6 15.
a3 Qd7 16. f4 Ba6 17. Qe2 Qb5 18. Rd1 a4 19. Be3 Bb7 20. Bf2 Qb3 21. Rac1 Rfc8
22. h3 Rab8 23. Kh2 c6 24. Rd2 Ba6 25. Qd1 Qxd1 26. Rdxd1 Kf7 27. Rd2 Ke7 28.
Bf3 g6 29. Bd1 Bb5 30. Kg2 Kd7 31. Kf3 h5 32. Rc4 Bxc4 33. dxc4 Nc7 34. Bxa4 b5
35. cxb5 cxb5 36. Bb3 Nd5 37. g4 hxg4+ 38. hxg4 Rh8 39. Bxd5 exd5 40. Rd3 Ke6
41. Rc3 Rbc8 42. Rb3 Rb8 43. Rc3 Rbc8 1/2-1/2

[Event "English Open Championship"]
[Site "Kenilworth"]
[Date "2023.05.26"]
[Round "2.28"]
[White "Gordon, Sean"]
[Black "Bak, Christopher"]
[Result "1-0"]
[WhiteElo "1791"]
[BlackElo "2010"]
[PlyCount "47"]
[EventDate "2023.05.26"]
[EventType "swiss"]
[EventRounds "7"]
[EventCountry "ENG"]
[SourceTitle "BritBase"]
[Source "John Saunders"]
[SourceDate "2023.05.30"]
[SourceVersion "1"]
[SourceVersionDate "2023.05.30"]
[SourceQuality "1"]

1. Nf3 c5 2. e4 e6 3. g3 Nc6 4. Bg2 Qc7 5. O-O Nf6 6. Qe2 d6 7. c3 e5 8. Rd1
Be7 9. Na3 O-O 10. d4 exd4 11. cxd4 Bg4 12. Nc2 Rfe8 13. h3 Bxf3 14. Qxf3 Bf8
15. d5 Nb4 16. Nxb4 cxb4 17. Qd3 Rac8 18. Bg5 Nd7 19. Qb5 a5 20. Rac1 Nc5 21.
Rc4 Qd7 22. Rxc5 Qxb5 23. Rxb5 Rc2 24. Rd2 1-0

[Event "English Open Championship"]
[Site "Kenilworth"]
[Date "2023.05.26"]
[Round "2.29"]
[White "Ansari, Athar"]
[Black "Miller, George I"]
[Result "1-0"]
[WhiteElo "1886"]
[BlackElo "1849"]
[PlyCount "153"]
[EventDate "2023.05.26"]
[EventType "swiss"]
[EventRounds "7"]
[EventCountry "ENG"]
[SourceTitle "BritBase"]
[Source "John Saunders"]
[SourceDate "2023.05.30"]
[SourceVersion "1"]
[SourceVersionDate "2023.05.30"]
[SourceQuality "1"]

1. e4 e5 2. Nf3 Nc6 3. Bc4 Nf6 4. Qe2 d6 5. h3 Be7 6. c3 O-O 7. O-O Na5 8. Bb5
a6 9. Ba4 b5 10. Bc2 c5 11. d4 Qc7 12. d5 Bd7 13. Bg5 Qd8 14. Bxf6 Bxf6 15.
Nbd2 Bg5 16. Nxg5 Qxg5 17. Kh2 Qf4+ 18. Kg1 f5 19. f3 g6 20. Rac1 Nb7 21. Qf2
Rf6 22. g3 Qh6 23. h4 f4 24. g4 g5 25. Kg2 Qg7 26. Rh1 h6 27. Rh2 Nd8 28. hxg5
Qxg5 29. Rch1 Nf7 30. b4 Rc8 31. Nb3 cxb4 32. cxb4 Rc4 33. Bd3 Rc3 34. Qd2 Bxg4
35. Rg1 Rg6 36. Kf2 Rxd3 37. Qxd3 h5 38. Nd2 Qd8 39. Ke1 Qc8 40. Rhg2 Nh6 41.
Nb3 Rg7 42. Kd2 Rc7 43. Rc1 Rc4 44. Rxc4 bxc4 45. Qc3 Kf7 46. fxg4 hxg4 47. Na5
g3 48. Nxc4 Qh3 49. Nxd6+ Kg6 50. Qf3 Ng4 51. Nf5 Kg5 52. Rxg3 fxg3 53. Nxg3
Qh2+ 54. Ne2 Qh6 55. Kc2 Qh7 56. d6 Nf6 57. Qg3+ Ng4 58. Qd3 Nf6 59. Nc3 Qb7
60. a3 Qc6 61. Qe3+ Kg4 62. Qc5 Qe8 63. Qf2 Qe6 64. Qg2+ Kf4 65. Qf1+ Kg5 66.
Qxa6 Nd7 67. Qd3 Kf6 68. Nd5+ Kf7 69. Qf3+ Kg7 70. Qg2+ Kf7 71. Qf1+ Kg7 72.
Qa6 Qh3 73. Nc3 Qe6 74. Qc6 Kf7 75. b5 Nf6 76. Qc7+ Ke8 77. b6 1-0

[Event "English Open Championship"]
[Site "Kenilworth"]
[Date "2023.05.26"]
[Round "2.30"]
[White "Vaidyanathan, Adithya"]
[Black "Mikalajunas, Kajus"]
[Result "0-1"]
[WhiteElo "1478"]
[BlackElo "1828"]
[PlyCount "72"]
[EventDate "2023.05.26"]
[EventType "swiss"]
[EventRounds "7"]
[EventCountry "ENG"]
[SourceTitle "BritBase"]
[Source "John Saunders"]
[SourceDate "2023.05.30"]
[SourceVersion "1"]
[SourceVersionDate "2023.05.30"]
[SourceQuality "1"]

1. Nf3 b6 2. d4 Bb7 3. c4 Nf6 4. Nc3 g6 5. b3 Bg7 6. Bb2 Ne4 7. Qd3 f5 8. e3
Na6 9. a3 O-O 10. Be2 e6 11. Rb1 Qf6 12. Rc1 Rad8 13. O-O d5 14. cxd5 exd5 15.
b4 c5 16. dxc5 bxc5 17. b5 Nb8 18. Na4 Qe7 19. Bxg7 Kxg7 20. Nxc5 Bc8 21. Nxe4
fxe4 22. Qc3+ Kg8 23. Nd4 Qg5 24. Qc7 Bd7 25. Qg3 Qf6 26. Rc5 Be8 27. Rfc1 Bf7
28. Rc7 Qb6 29. Bg4 a6 30. Rxf7 Rxf7 31. Be6 axb5 32. Rc7 Nd7 33. Nc6 Rdf8 34.
Ne7+ Kg7 35. Bxf7 Qf6 36. Rxd7 Qa1# 0-1

[Event "English Open Championship"]
[Site "Kenilworth"]
[Date "2023.05.26"]
[Round "2.31"]
[White "Alldritt, Nigel RE"]
[Black "Gibson, Christopher A"]
[Result "1-0"]
[WhiteElo "1954"]
[BlackElo "1836"]
[PlyCount "51"]
[EventDate "2023.05.26"]
[EventType "swiss"]
[EventRounds "7"]
[EventCountry "ENG"]
[SourceTitle "BritBase"]
[Source "John Saunders"]
[SourceDate "2023.05.30"]
[SourceVersion "1"]
[SourceVersionDate "2023.05.30"]
[SourceQuality "1"]

1. d4 Nf6 2. c4 e6 3. g3 d5 4. Nf3 dxc4 5. Bg2 c5 6. O-O Nc6 7. Qa4 Bd7 8. Qxc4
b5 9. Qd3 c4 10. Qc2 Rc8 11. e4 Be7 12. Qe2 O-O 13. Rd1 Re8 14. Ne5 Qb6 15. Be3
Qc7 16. f4 Red8 17. a4 a6 18. axb5 axb5 19. Nc3 Qb7 20. Nxc6 Bxc6 21. d5 Bd7
22. d6 Bf8 23. e5 Nd5 24. Nxd5 exd5 25. Bxd5 Qb8 26. Ba7 1-0